| 000 | 01046aam a2200337 i 4500 | ||
|---|---|---|---|
| 999 |
_c826 _d826 |
||
| 001 | 018408547 | ||
| 003 | Uk | ||
| 005 | 20191223084913.0 | ||
| 008 | 171003r20172003stka j 000 1 eng c | ||
| 015 |
_aGBB7B4070 _2bnb |
||
| 016 | 7 |
_a018408547 _2Uk |
|
| 020 | _a9781781127155 (pbk.) : | ||
| 035 | _a(StEdNL)9756851 | ||
| 040 |
_aStDuBDS _beng _cStDuBDS _dStEdNL _dUk _erda |
||
| 042 | _aukscp | ||
| 082 | 0 | 4 | _aFIC STE |
| 100 | 1 |
_aStewart, Paul, _d1955- _eauthor. |
|
| 245 | 1 | 0 |
_aFree Lance and the field of blood / _cPaul Stewart, Chris Riddell. |
| 264 | 1 |
_aEdinburgh : _bBarrington Stoke, _c2017. |
|
| 300 |
_a121 pages : _billustrations ; _c20 cm |
||
| 336 |
_atext _2rdacontent |
||
| 337 |
_aunmediated _2rdamedia |
||
| 338 |
_avolume _2rdacarrier |
||
| 440 | _aFree Lance series | ||
| 500 | _aOriginally published: London : Hodder & Stoughton Ltd, 2003. | ||
| 501 | _aDyslexia-friendly features | ||
| 655 | 0 | _aFantasy fiction. | |
| 655 | 0 | _aChildren's stories. | |
| 700 | 1 |
_aRiddell, Chris, _eauthor, _eillustrator. |
|
| 942 |
_2ddc _cFIC |
||